F1 Helmets 2022 - Statistiques

Statistiques générales
  • Ce quiz a été pris 1 415 fois
  • Le résultat moyen est 10 sur 16
Statistiques - réponses
Par images Réponse % Correct
leclerc
99%
stroll
96%
ocon
92%
hamilton
89%
albon
80%
zhou
71%
verstappen
69%
russell
66%
magnussen
65%
latifi
53%
norris
53%
bottas
51%
perez
50%
alonso
45%
tsunoda
33%
schumacher
26%
Aucun quiz correspondant
Distribution des résultats
% des personnes avec chaque résultat
Percentile par nombre de réponses
Votre historique - résultats
Vous n’avez pas pris ce quiz